Sermón para el viernes después de ceniza. (Record no. 10783)
[ view plain ]
| 000 -CABECERA | |
|---|---|
| campo de control de longitud fija | 00439nam a22001577a 4500 |
| 003 - IDENTIFICADOR DEL NÚMERO DE CONTROL | |
| campo de control | FranzMayer |
| 005 - FECHA Y HORA DE LA ÚLTIMA TRANSACCIÓN | |
| campo de control | 20191004124353.0 |
| 008 - DATOS DE LONGITUD FIJA--INFORMACIÓN GENERAL | |
| campo de control de longitud fija | 191004b ||||| |||| 00| 0 eng d |
| 040 ## - FUENTE DE LA CATALOGACIÓN | |
| Centro/agencia transcriptor | Franz |
| 245 ## - MENCIÓN DE TÍTULO | |
| Título | Sermón para el viernes después de ceniza. |
| 300 ## - DESCRIPCIÓN FÍSICA | |
| Extensión | 432 p. |
| 500 ## - NOTA GENERAL | |
| Nota general | Sin portada. Faltan págs. 347 y 348 |
| 500 ## - NOTA GENERAL | |
| Nota general | Estado físico : en mal estado, separado para restauración |
| 500 ## - NOTA GENERAL | |
| Nota general | CO-61 |
| 942 ## - ELEMENTOS DE PUNTO DE ACCESO ADICIONAL (KOHA) | |
| Fuente del sistema de clasificación o colocación | Library of Congress Classification |
| Tipo de ítem Koha | Libros |
| Estado de retiro | Estado de pérdida | Fuente del sistema de clasificación o colocación | Estado dañado | No para préstamo | Código de colección | Localización permanente | Ubicación/localización actual | Fecha de adquisición | Número de inventario | Total de préstamos | Código de barras | Fecha visto por última vez | Precio válido a partir de | Tipo de ítem Koha |
|---|---|---|---|---|---|---|---|---|---|---|---|---|---|---|
| El ejemplar forma parte de la colección y puede ser consultado según las políticas vigentes. | Library of Congress Classification | Conventual Franz Mayer | Biblioteca del Museo Franz Mayer (Rogerio Casas-Alatriste) | Biblioteca del Museo Franz Mayer (Rogerio Casas-Alatriste) | 04/10/2019 | CO-61 | CFM00494 | 04/10/2019 | 04/10/2019 | Libros |